000 00505 a2200193 4500
003 Nust
005 20170207153518.0
010 _a 74030065
020 _a871501791
040 _cNust
082 0 0 _a515.15
100 1 _aSwokowski, Earl William,
245 1 0 _aCalculus with analytic geometry /
_cEarl W. Swokowski.
260 _aBoston :
_bPrindle, Weber & Schmidt,
_c[1975]
300 _aix, 854 p. :
_bill. ;
_c26 cm.
500 _aIncludes index.
650 0 _aCalculus.
650 0 _aGeometry, Analytic.
942 _2ddc
_cBK
999 _c187599
_d187599